Southville International School and Colleges
Your cart is empty.
  • Cart
  • Lists
    Public lists Eva Luna New books Lux_list list_1
    Your lists Log in to create your own lists
  • Log in to your account
  • Your cookies
  • Search history
Southville International School and Colleges
  • Advanced search
  • Recent comments
  • Most popular
  • Libraries

Log in to your account

Log in with GOOGLE


If you do not have an external account, but do have a local account, you can still log in:

  1. Home
  2. MARC view: Where the lilies bloom /
Normal view MARC view ISBD view

Where the lilies bloom / (Record no. 40)

[ view plain ]
MARC details
000 -LEADER
fixed length control field 01081cam a2200313 4500
001 - CONTROL NUMBER
control field 4582259
003 - CONTROL NUMBER IDENTIFIER
control field OSt
005 - DATE AND TIME OF LATEST TRANSACTION
control field 20140310181618.0
008 - FIXED-LENGTH DATA ELEMENTS--GENERAL INFORMATION
fixed length control field 700409t19701969paua j 000 1 eng
010 ## - LIBRARY OF CONGRESS CONTROL NUMBER
LC control number 75082402
040 ## - CATALOGING SOURCE
Original cataloging agency DLC
Transcribing agency DLC
Modifying agency DLC
042 ## - AUTHENTICATION CODE
Authentication code lcac
050 00 - LIBRARY OF CONGRESS CALL NUMBER
Classification number PZ 7
Item number .C623 1969
082 00 - DEWEY DECIMAL CLASSIFICATION NUMBER
Classification number FIC
Item number C58w 1969
100 1# - MAIN ENTRY--PERSONAL NAME
Personal name Cleaver, Vera.
9 (RLIN) 17665
245 10 - TITLE STATEMENT
Title Where the lilies bloom /
Statement of responsibility, etc Vera & Bill Cleaver. Illustrated by Jim Spanfeller.
250 ## - EDITION STATEMENT
Edition statement [1st ed.]
260 ## - PUBLICATION, DISTRIBUTION, ETC. (IMPRINT)
Place of publication, distribution, etc Philadelphia,
Name of publisher, distributor, etc J. B. Lippincott Co.
Date of publication, distribution, etc c1969.
300 ## - PHYSICAL DESCRIPTION
Extent 174 p.
Other physical details ill. ;
Dimensions 22 cm.
350 ## - PRICE (NR) (BK AM CF MU VM SE) [OBSOLETE]
Price 3.95
520 ## - SUMMARY, ETC.
Summary, etc In the Great Smoky Mountains region, a fourteen-year-old girl struggles to keep her family together after their father dies.
650 #1 - SUBJECT ADDED ENTRY--TOPICAL TERM
Topical term or geographic name as entry element Brothers and sisters
General subdivision Fiction.
9 (RLIN) 17666
651 #1 - SUBJECT ADDED ENTRY--GEOGRAPHIC NAME
Geographic name Great Smoky Mountains (N.C. and Tenn.)
General subdivision Fiction.
9 (RLIN) 17667
700 1# - ADDED ENTRY--PERSONAL NAME
Personal name Cleaver, Bill,
Relator term joint author.
9 (RLIN) 17668
700 1# - ADDED ENTRY--PERSONAL NAME
Personal name Spanfeller, James J.,
Dates associated with a name 1930-
Relator term illus.
9 (RLIN) 17669
906 ## - LOCAL DATA ELEMENT F, LDF (RLIN)
a 7
b cbc
c orignew
d u
e ncip
f 19
g y-gencatlg
942 ## - ADDED ENTRY ELEMENTS (KOHA)
Source of classification or shelving scheme Library of Congress Classification
Koha item type
Call number prefix
Holdings
Withdrawn status Lost status Source of classification or shelving scheme Damaged status Home library Current library Shelving location Date acquired Total Checkouts Full call number Barcode Date last seen Copy number Price effective from Koha item type
    Library of Congress Classification   Luxembourg Library Luxembourg Library Fiction Section 12/23/2011   PZ 7 .C623 1969 3604 08/13/2013 1 10/03/2013 Books

Where the lilies bloom /

APA

Cleaver V., Cleaver B. & Spanfeller J. J. (1969). Where the lilies bloom. Philadelphia: J. B. Lippincott Co.

Chicago

Cleaver Vera, Cleaver Bill and Spanfeller James J. 1969. Where the lilies bloom. Philadelphia: J. B. Lippincott Co.

Harvard

Cleaver V., Cleaver B. and Spanfeller J. J. (1969). Where the lilies bloom. Philadelphia: J. B. Lippincott Co.

MLA

Cleaver Vera, Cleaver Bill and Spanfeller James J. Where the lilies bloom. Philadelphia: J. B. Lippincott Co. 1969.

  • Place hold
  • Print
  • Cite
  • Add to your cart (remove)
  • Save record
    BIBTEX Dublin Core MARCXML MARC (non-Unicode/MARC-8) MARC (Unicode/UTF-8) MARC (Unicode/UTF-8, Standard) MODS (XML) RIS
  • More searches
    Search for this title in:
    Other Libraries (WorldCat) Other Databases (Google Scholar) Online Stores (Bookfinder.com) Open Library (openlibrary.org)

Exporting to Dublin Core...

SOUTHVILLE LIBRARY

Southville International School and Colleges Library

1281 Tropical Ave. Cor. Luxembourg St., BF Homes International, Las Pinas City

Tel. No. 8256374 / 252358 Loc. 117/146

Powered by Koha